02311cab a2200277Ia 4500001000800000003000600008008004100014040000800055041001300063100002000076240008500096245013100181246013800312300001700450504002500467520122000492546002301712650001801735650001801753650002301771650002701794650002601821700002001847773008701867856007901954u188437SIRSI101228s2006 ua ss b eng d aEAL aengbara1 aEI-Masry, T. A.10aAnnals of agricultural science, Moshtohor, 2006 v.44 (3)h[electronic resource].10aResponse of growth and productivity of leek (Allium porrum L.) to nitrogen and potassium fertilizationh[electronic resource].15aاستجابة النمو والقدرة الإنتاجية للكرات للتسميد النتروجينى والبوتاسى.‪ ap.1181-1206. aIncludes references. aThe effect of nitrogen and potassium fertilizer on leek was evaluated through two field experiments during the two the successive growing seasons of 200312004 and 2004/2005 at a private fann, Tamiya, Faypum Governorate, Egypt. To verify this objective, leek" cv. Cleopatra" was grown and treated with nitrogen fertilizer at rates of 100, 150,200 and 250 Kg N fed⁻¹ as soil application of ammonium nitrate (33.5%N) or urea (46%N). Potassium sulphate (48% K20) was used as the respective K source. Nitrogen treatments were applied in 4 equal applications; 25% of the quantity was spread on the rows before transplanting and the rest amount was added at 30, 50 and 70 days from transplanting. Treatments comprised 2 levels of K; 48 and 96 Kg K20 fed:1 at two equal doses; 50 and 70 days from transplanting. Data of growth characters; plant height, No. of leaves plant⁻¹ , fresh and dry weight of leaves planrl fresh and dry weight ofbulb plant⁻¹ and total fresh and dry weight planr⁻¹ were estimated. Also, total yield (ton fed⁻¹), and some chemical constituents;leaf pigments; total chlorophyll and carotenoids, nitrogen, phosphorus, potassium, nitrite and nitrate concentration of leek were estimated. aSummary in Arabic. 0aLeekxGrowth. 0aLeekxYields. 0aLeekxFertilizers. 0aPotassium fertilizers. 0aNitrogen fertilizers.1 aGadallah, F. M.0 tAnnals of Agricultural Science, Moshtohor.g2006.v.44(3)x1110-04197nnaswu18387040uhttp://nile.enal.sci.eg/EALE/2006/AASM/4406/3/1181.pdfzFull Text Article.